000 00936nam a22002537a 4500
999 _c20717
_d20717
003 AR-CdUCM
008 190604b ||||| |||| 00| 0 spa d
040 _aMUNICIPALIDAD PROVINCIAL DEL CUSCO
_cBIBLIOTECA MUNICIPAL DEL CUSCO
041 _heng
082 _a150.72 /
_bG22
100 _aGarrett, Henry E.
_943273
110 _aFondo de Cultura Económica
_912152
245 _aLas grandes realizaciones en la psicología experimental /
260 _aMéxico, D. F. :
_bPanamericana,
_c1958.
300 _a443 páginas ;
_c21.5 cm
500 _a[libro reempastado]
505 _aContenido: Pavlov y el reflejo condicionado -- El cerebro y las actividades aprendidas -- El papel vicario desempeñado...
650 _aPavlov
_943274
650 _aPsicología experimental
_910502
650 _aReflejo condicionado
_943275
700 _aGonzáles Aramburo, Francisco (traducción)
_94603
942 _2ddc
_cLIBROS
945 _aAndy